مكتبة جامعة عجلون الوطنية

فهرس بحث المكتبة

Normal view MARC view
  • بحوث وأوراق ملتقى العربي الرابع " الاساليب الحديثة في الادارة المالية العامة" ......

Entry Personal Name

Number of records used in: 1

001 - CONTROL NUMBER

  • control field: 34269

003 - CONTROL NUMBER IDENTIFIER

  • control field: JO-AjAnu

005 - DATE AND TIME OF LATEST TRANSACTION

  • control field: 20230606075736.0

008 - FIXED-LENGTH DATA ELEMENTS

  • fixed length control field: 230606|| aca||aabn | a|a d

040 ## - CATALOGING SOURCE

  • Original cataloging agency: JO-AjAnu
  • Transcribing agency: JO-AjAnu

100 ## - HEADING--PERSONAL NAME

  • Personal name: بحوث وأوراق ملتقى العربي الرابع " الاساليب الحديثة في الادارة المالية العامة" ......

670 ## - SOURCE DATA FOUND

  • Source citation: Work cat.: (JO-AjAnu)17599: بحوث وأوراق ملتقى العربي الرابع " الاساليب الحديثة في الادارة المالية العامة" ......, author, ادارة المال العام: التخصيص والاستخدام